Statistics for Top 50 Current NBA Players

Click here to take the quiz!

General Stats

  • This quiz has been taken 14 times
  • The average score is 42 of 50

Answer Stats

#TeamPlayer% Correct
7New Orleans PelicansAnthony Davis
100%
21New York KnicksCarmelo Anthony
100%
9Houston RocketsChris Paul
100%
14Portland Trail BlazersDamian Lillard
100%
6Houston RocketsJames Harden
100%
11Washington WizardsJohn Wall
100%
25Minnesota TimberwolvesKarl Anthony-Towns
100%
2Golden State WarriorsKevin Durant
100%
8Cleveland CavaliersKyrie Irving
100%
1Cleveland CavaliersLeBron James
100%
3Oklahoma City ThunderRussell Westbrook
100%
4Golden State WarriorsStephen Curry
100%
18Los Angeles ClippersBlake Griffin
91%
32Los Angeles ClippersDeAndre Jordan
91%
13New Orleans PelicansDeMarcus Cousins
91%
20Golden State WarriorsDraymond Green
91%
33Chicago BullsDwyane Wade
91%
15Boston CelticsIsaiah Thomas
91%
50Milwaukee BucksJabari Parker
91%
12Minnesota TimberwolvesJimmy Butler
91%
5San Antonio SpursKawhi Leonard
91%
16Golden State WarriorsKlay Thompson
91%
28Memphis GrizzliesMarc Gasol
91%
38San Antonio SpursPau Gasol
91%
10Oklahoma City ThunderPaul George
91%
39San Antonio SpursTony Parker
91%
44Golden State WarriorsAndre Iguodala
82%
42Washington WizardsBradley Beal
82%
17Toronto RaptorsDeMar DeRozan
82%
41Phoenix SunsDevin Booker
82%
30Dallas MavericksDirk Nowitzki
82%
19Milwaukee BucksGiannis Antetokounmpo
82%
24Cleveland CavaliersKevin Love
82%
22Toronto RaptorsKyle Lowry
82%
27Minnesota TimberwolvesAndrew Wiggins
73%
34Charlotte HornetsDwight Howard
73%
23Boston CelticsGordon Hayward
73%
36Miami HeatHassan Whiteside
73%
47Philadelphia 76ersJoel Embiid
73%
37Charlotte HornetsKemba Walker
73%
26New York KnicksKristaps Porzingis
73%
43Memphis GrizzliesMike Conley Jr
73%
45Boston CelticsAl Horford
64%
31Detroit PistonsAndre Drummond
64%
40Portland Trail BlazersC.J McCollum
64%
29San Antonio SpursLaMarcus Aldridge
64%
35Denver NuggetsPaul Millsap
64%
46Toronto RaptorsSerge Ibaka
64%
48Phoenix SunsEric Bledsoe
55%
49Chicago BullsZach LaVine
55%

Score Distribution

Percentile by Number Answered

Percent of People with Each Score

Your Score History

You have not taken this quiz